<?xml version="1.0" encoding="UTF-8"?>
<record
    xmlns:xsi="http://www.w3.org/2001/XMLSchema-instance"
    xsi:schemaLocation="http://www.loc.gov/MARC21/slim http://www.loc.gov/standards/marcxml/schema/MARC21slim.xsd"
    xmlns="http://www.loc.gov/MARC21/slim">

  <leader>00548nam a22001577a 4500</leader>
  <controlfield tag="003">OSt</controlfield>
  <controlfield tag="005">20151118155312.0</controlfield>
  <controlfield tag="008">151118b        xxu||||| |||| 00| 0 eng d</controlfield>
  <datafield tag="040" ind1=" " ind2=" ">
    <subfield code="c">RUA </subfield>
  </datafield>
  <datafield tag="082" ind1=" " ind2=" ">
    <subfield code="a">FIS &#x1798;&#x17CA;&#x17B8; 1995 B154 Or.1</subfield>
  </datafield>
  <datafield tag="100" ind1=" " ind2=" ">
    <subfield code="9">3885</subfield>
    <subfield code="a">&#x1798;&#x17CA;&#x17B8; &#x179A;&#x178F;&#x1793;&#x17B6;</subfield>
  </datafield>
  <datafield tag="245" ind1=" " ind2=" ">
    <subfield code="a">&#x1780;&#x17B6;&#x179A;&#x1795;&#x179B;&#x17B7;&#x178F;&#x1780;&#x17BC;&#x1793;&#x178F;&#x17D2;&#x179A;&#x17B8;&#x1796;&#x17BC;&#x1787;&#x1787;&#x17B6;&#x179B;&#x1780;&#x17D2;&#x1781;&#x178E;&#x17C7;&#x1791;&#x17D2;&#x179A;&#x1784;&#x17CB;&#x1791;&#x17D2;&#x179A;&#x17B6;&#x1799;&#x178F;&#x17BC;&#x1785; &#x1780;&#x17D2;&#x1793;&#x17BB;&#x1784;&#x1781;&#x17C1;&#x178F;&#x17D2;&#x178F;&#x179F;&#x17D2;&#x179C;&#x17B6;&#x1799;&#x179A;&#x17C0;&#x1784;,</subfield>
  </datafield>
  <datafield tag="260" ind1=" " ind2=" ">
    <subfield code="a">Phnom Penh </subfield>
    <subfield code="b">RUA </subfield>
    <subfield code="c">1995</subfield>
  </datafield>
  <datafield tag="300" ind1=" " ind2=" ">
    <subfield code="a">89p.</subfield>
    <subfield code="b">ill.</subfield>
    <subfield code="c">29cm.</subfield>
  </datafield>
  <datafield tag="942" ind1=" " ind2=" ">
    <subfield code="2">ddc</subfield>
    <subfield code="c">FIS</subfield>
  </datafield>
  <datafield tag="999" ind1=" " ind2=" ">
    <subfield code="c">3612</subfield>
    <subfield code="d">3612</subfield>
  </datafield>
  <datafield tag="952" ind1=" " ind2=" ">
    <subfield code="0">0</subfield>
    <subfield code="1">0</subfield>
    <subfield code="2">ddc</subfield>
    <subfield code="4">0</subfield>
    <subfield code="6">FIS_&#x1798;&#x17B8;1995_B154_OR_1_000000000000000</subfield>
    <subfield code="7">0</subfield>
    <subfield code="9">17623</subfield>
    <subfield code="a">LBB</subfield>
    <subfield code="b">LBB</subfield>
    <subfield code="c">B154</subfield>
    <subfield code="d">2015-11-18</subfield>
    <subfield code="o">FIS  &#x1798;&#x17C9;&#x17B8;1995 B154 Or.1</subfield>
    <subfield code="p">RUA011333</subfield>
    <subfield code="r">2015-11-18</subfield>
    <subfield code="w">2015-11-18</subfield>
    <subfield code="y">FIS</subfield>
  </datafield>
  <datafield tag="952" ind1=" " ind2=" ">
    <subfield code="0">0</subfield>
    <subfield code="1">0</subfield>
    <subfield code="2">ddc</subfield>
    <subfield code="4">0</subfield>
    <subfield code="6">FIS_&#x1798;&#x17B8;_1995_000000000000000_B154_OR_2</subfield>
    <subfield code="7">0</subfield>
    <subfield code="9">17624</subfield>
    <subfield code="a">LBB</subfield>
    <subfield code="b">LBB</subfield>
    <subfield code="c">B154</subfield>
    <subfield code="d">2015-11-18</subfield>
    <subfield code="o">FIS &#x1798;&#x17C9;&#x17B8; 1995 B154 Or.2</subfield>
    <subfield code="p">RUA011188</subfield>
    <subfield code="r">2015-11-18</subfield>
    <subfield code="w">2015-11-18</subfield>
    <subfield code="y">FIS</subfield>
  </datafield>
  <datafield tag="952" ind1=" " ind2=" ">
    <subfield code="0">0</subfield>
    <subfield code="1">0</subfield>
    <subfield code="2">ddc</subfield>
    <subfield code="4">0</subfield>
    <subfield code="6">FIS_&#x1798;&#x17B8;1995_B154_OR_3_000000000000000</subfield>
    <subfield code="7">0</subfield>
    <subfield code="9">17625</subfield>
    <subfield code="a">LBB</subfield>
    <subfield code="b">LBB</subfield>
    <subfield code="c">B154</subfield>
    <subfield code="d">2015-11-18</subfield>
    <subfield code="o">FIS &#x1798;&#x17C9;&#x17B8;1995 B154 Or.3</subfield>
    <subfield code="p">RUA011332</subfield>
    <subfield code="r">2015-11-18</subfield>
    <subfield code="w">2015-11-18</subfield>
    <subfield code="y">FIS</subfield>
  </datafield>
  <datafield tag="952" ind1=" " ind2=" ">
    <subfield code="0">0</subfield>
    <subfield code="1">0</subfield>
    <subfield code="2">ddc</subfield>
    <subfield code="4">0</subfield>
    <subfield code="6">FIS_&#x1798;&#x17B8;1995_B154_OR_4_000000000000000</subfield>
    <subfield code="7">0</subfield>
    <subfield code="9">17626</subfield>
    <subfield code="a">LBB</subfield>
    <subfield code="b">LBB</subfield>
    <subfield code="c">B154</subfield>
    <subfield code="d">2015-11-18</subfield>
    <subfield code="o">FIS &#x1798;&#x17C9;&#x17B8;1995 B154 Or.4</subfield>
    <subfield code="p">RUA011045</subfield>
    <subfield code="r">2015-11-18</subfield>
    <subfield code="w">2015-11-18</subfield>
    <subfield code="y">FIS</subfield>
  </datafield>
  <datafield tag="952" ind1=" " ind2=" ">
    <subfield code="0">0</subfield>
    <subfield code="1">0</subfield>
    <subfield code="2">ddc</subfield>
    <subfield code="4">0</subfield>
    <subfield code="6">FIS_&#x1798;&#x17B8;_1995_000000000000000_B154_OR_5</subfield>
    <subfield code="7">0</subfield>
    <subfield code="9">17627</subfield>
    <subfield code="a">LBB</subfield>
    <subfield code="b">LBB</subfield>
    <subfield code="c">B154</subfield>
    <subfield code="d">2015-11-18</subfield>
    <subfield code="o">FIS  &#x1798;&#x17C9;&#x17B8; 1995 B154 Or.5</subfield>
    <subfield code="p">RUA011189</subfield>
    <subfield code="r">2015-11-18</subfield>
    <subfield code="w">2015-11-18</subfield>
    <subfield code="y">FIS</subfield>
  </datafield>
  <datafield tag="952" ind1=" " ind2=" ">
    <subfield code="0">0</subfield>
    <subfield code="1">0</subfield>
    <subfield code="2">ddc</subfield>
    <subfield code="4">0</subfield>
    <subfield code="6">FIS_&#x1798;&#x17B8;1995_B154_OR_6_000000000000000</subfield>
    <subfield code="7">0</subfield>
    <subfield code="9">17628</subfield>
    <subfield code="a">LBB</subfield>
    <subfield code="b">LBB</subfield>
    <subfield code="c">B154</subfield>
    <subfield code="d">2015-11-18</subfield>
    <subfield code="o">FIS  &#x1798;&#x17C9;&#x17B8;1995 B154 Or.6</subfield>
    <subfield code="p">RUA011261</subfield>
    <subfield code="r">2015-11-18</subfield>
    <subfield code="w">2015-11-18</subfield>
    <subfield code="y">FIS</subfield>
  </datafield>
  <datafield tag="952" ind1=" " ind2=" ">
    <subfield code="0">0</subfield>
    <subfield code="1">0</subfield>
    <subfield code="2">ddc</subfield>
    <subfield code="4">0</subfield>
    <subfield code="6">FIS_&#x1798;&#x17B8;&#x17BB;&#x17C6;_1995_000000000000000_B154_OR_7</subfield>
    <subfield code="7">0</subfield>
    <subfield code="9">17629</subfield>
    <subfield code="a">LBB</subfield>
    <subfield code="b">LBB</subfield>
    <subfield code="c">B154</subfield>
    <subfield code="d">2015-11-18</subfield>
    <subfield code="o">FIS  &#x1798;&#x17B8;&#x17BB;&#x17C6; 1995 B154 Or.7</subfield>
    <subfield code="p">RUA011416</subfield>
    <subfield code="r">2015-11-18</subfield>
    <subfield code="w">2015-11-18</subfield>
    <subfield code="y">FIS</subfield>
  </datafield>
  <datafield tag="952" ind1=" " ind2=" ">
    <subfield code="0">0</subfield>
    <subfield code="1">0</subfield>
    <subfield code="2">ddc</subfield>
    <subfield code="4">0</subfield>
    <subfield code="6">FIS_&#x1798;&#x17B8;_1995_000000000000000_B154_OR_8</subfield>
    <subfield code="7">0</subfield>
    <subfield code="9">17630</subfield>
    <subfield code="a">LBB</subfield>
    <subfield code="b">LBB</subfield>
    <subfield code="c">B154</subfield>
    <subfield code="d">2015-11-18</subfield>
    <subfield code="o">FIS &#x1798;&#x17C9;&#x17B8; 1995 B154 Or.8</subfield>
    <subfield code="p">RUA011044</subfield>
    <subfield code="r">2015-11-18</subfield>
    <subfield code="w">2015-11-18</subfield>
    <subfield code="y">FIS</subfield>
  </datafield>
  <datafield tag="952" ind1=" " ind2=" ">
    <subfield code="0">0</subfield>
    <subfield code="1">0</subfield>
    <subfield code="2">ddc</subfield>
    <subfield code="4">0</subfield>
    <subfield code="6">FIS_&#x1798;&#x17B8;1995_B154_OR_9_000000000000000</subfield>
    <subfield code="7">0</subfield>
    <subfield code="9">17631</subfield>
    <subfield code="a">LBB</subfield>
    <subfield code="b">LBB</subfield>
    <subfield code="c">B154</subfield>
    <subfield code="d">2015-11-18</subfield>
    <subfield code="o">FIS  &#x1798;&#x17C9;&#x17B8;1995 B154 Or.9</subfield>
    <subfield code="p">RUA011116</subfield>
    <subfield code="r">2015-11-18</subfield>
    <subfield code="w">2015-11-18</subfield>
    <subfield code="y">FIS</subfield>
  </datafield>
</record>
